000 00522nam a2200229Ia 4500
008 210210b1921 xxu||||| |||| 00| 0 eng d
041 _aeng
082 _a828/140
100 _aCECIL (Gwendolen)
245 _aLife of robert marquis of salisbury Vol I
260 _aLondon
_bHodder and Stoughton Limited
_c1921
440 _aI
650 _aVol
650 _asalisbury
650 _arobert
650 _aof
650 _amarquis
650 _aLife
650 _aI
690 _aBiography
906 _a015985
999 _c135375
_d135375